Administración de recursos humanos (Registro nro. 4870)
[ vista simple ]
| 000 -LEADER | |
|---|---|
| fixed length control field | 01963 a2200265 4500 |
| 001 - CONTROL NUMBER | |
| control field | 49692 |
| 005 - DATE AND TIME OF LATEST TRANSACTION | |
| control field | 20260407155758.0 |
| 008 - FIXED-LENGTH DATA ELEMENTS--GENERAL INFORMATION | |
| fixed length control field | 260407a2015 arg spa d |
| 003 - CONTROL NUMBER IDENTIFIER | |
| control field | AR-UNSa-BCEJYS |
| 040 ## - CATALOGING SOURCE | |
| Original cataloging agency | AR-UNSa-BCEJYS |
| Language of cataloging | spa |
| Transcribing agency | AR-UNSa-BCEJYS |
| 080 ## - UNIVERSAL DECIMAL CLASSIFICATION NUMBER | |
| Universal Decimal Classification number | 658.3 |
| Common auxiliary subdivision | Personal. Relaciones humanas en la empresa (Recursos Humanos) |
| 020 ## - INTERNATIONAL STANDARD BOOK NUMBER | |
| International Standard Book Number | 978-607-32-3311-8 |
| 041 ## - LANGUAGE CODE | |
| Language code of text/sound track or separate title | spa |
| 100 1# - MAIN ENTRY--PERSONAL NAME | |
| Personal name | Dessler, Gary |
| 245 10 - TITLE STATEMENT | |
| Title | Administración de recursos humanos |
| 250 ## - EDITION STATEMENT | |
| Edition statement | 14a. ed. |
| 264 #1 - PRODUCTION, PUBLICATION, DISTRIBUTION, MANUFACTURE, AND COPYRIGHT NOTICE | |
| Place of production, publication, distribution, manufacture | México : |
| Name of producer, publisher, distributor, manufacturer | Pearson Educación |
| Date of production, publication, distribution, manufacture, or copyright notice | 2015 |
| 300 ## - PHYSICAL DESCRIPTION | |
| Extent | xxvi, 524 p. |
| Dimensions | 27 cm. |
| 505 ## - FORMATTED CONTENTS NOTE | |
| Formatted contents note | Parte Uno: Introducción: 1. Introducción a la administración de recursos humanos - 2. La estrategia y el análisis de la administración de recursos humanos - Parte dos: Reclutamiento, colocación y administración del talento: 3. Análisis del puesto y proceso de administración del talento - 4. Planeación y reclutamiento de personal - 5. Las pruebas y la selección de personal - 6. Entrevistas a candidatos - Parte tres: Capacitación y desarrollo: 7. Capacitación y desarrollo de los trabajadores - 8. Administración y evaluación del desempeño - 9. Administración de la retención, participación y carrera de los empleados - Parte cuatro: Remuneración: 10. Establecimiento de planes salariales estratégicos - 11. Remuneración por desempeño e incentivos económicos - 12. Prestaciones y servicios - Parte cinco: Temas complementarios en la administración de recursos humanos: 13. Ética, relaciones laborales y trato justo en el trabajo - 14. Seguridad y salud de los trabajadores - 15. Administración global de recursos humanos - 16. Administración de recursos humanos en empresas pequeñas - |
| 590 ## - LOCAL NOTE (RLIN) | |
| Local note | niveau_biblio:m niveau_hierar:0 |
| 700 1# - ADDED ENTRY--PERSONAL NAME | |
| Personal name | Pineda Ayala, Leticia Esther |
| 700 1# - ADDED ENTRY--PERSONAL NAME | |
| Personal name | Varela Juárez, Ricardo |
| 856 41 - ELECTRONIC LOCATION AND ACCESS | |
| Uniform Resource Identifier | <a href="https://www.biblioeco.unsa.edu.ar/pmb/images/libros/L128165.jpg">https://www.biblioeco.unsa.edu.ar/pmb/images/libros/L128165.jpg</a> |
| Link text | Imagen de portada |
| Electronic format type | image/jpeg |
| 942 ## - ADDED ENTRY ELEMENTS (KOHA) | |
| Koha item type | |
| Withdrawn status | Lost status | Damaged status | Not for loan | Home library | Current library | Shelving location | Date acquired | Total checkouts | Full call number | Barcode | Date last seen | Price effective from | Koha item type |
|---|---|---|---|---|---|---|---|---|---|---|---|---|---|
| Biblioteca Prof. Eusebio Cleto del Rey | Biblioteca Prof. Eusebio Cleto del Rey | 07/04/2026 | 658.3 D475 14ed. | L128164 | 07/04/2026 | 07/04/2026 | Libro | ||||||
| Biblioteca Prof. Eusebio Cleto del Rey | Biblioteca Prof. Eusebio Cleto del Rey | 07/04/2026 | 658.3 D475 14ed. | L128165 | 07/04/2026 | 07/04/2026 | Libro |